ბათუმის შოთა რუსთაველის სახელმწიფო უნივერსიტეტის ბიბლიოთეკა

Medical Genetics. (ბიბ.ჩანაწერი № 50509)

000 -LEADER
fixed length control field 00622nam a2200241Ia 4500
001 - CONTROL NUMBER
control field 17458
003 - CONTROL NUMBER IDENTIFIER
control field GE_BSU
005 - DATE AND TIME OF LATEST TRANSACTION
control field 20221107153016.0
008 - FIXED-LENGTH DATA ELEMENTS--GENERAL INFORMATION
fixed length control field 181216s2010||||enk|||||||||||||| ||eng||
020 ## - INTERNATIONAL STANDARD BOOK NUMBER
International Standard Book Number 9780323188371 X
040 ## - CATALOGING SOURCE
Transcribing agency GE_BSU
080 ## - UNIVERSAL DECIMAL CLASSIFICATION NUMBER
Universal Decimal Classification number 616.4 J-77
100 ## - MAIN ENTRY--PERSONAL NAME
Personal name Jorde,B. Lynn.
9 (RLIN) 7323
245 ## - TITLE STATEMENT
Title Medical Genetics.
264 ## - PRODUCTION, PUBLICATION, DISTRIBUTION, MANUFACTURE, AND COPYRIGHT NOTICE
Date of production, publication, distribution, manufacture, or copyright notice 2010.
300 ## - PHYSICAL DESCRIPTION
Extent 350p.
653 ## - INDEX TERM--UNCONTROLLED
keyword გენეტიკა
653 ## - INDEX TERM--UNCONTROLLED
keyword მედიცინა
700 ## - ADDED ENTRY--PERSONAL NAME
Personal name Carey, John C.
9 (RLIN) 7324
Relator term ავტორი
700 ## - ADDED ENTRY--PERSONAL NAME
Personal name Bamshad, Michael J.
9 (RLIN) 7325
Relator term ავტორი
942 ## - ADDED ENTRY ELEMENTS (KOHA)
Koha item type წიგნი
Source of classification or shelving scheme
ეგზემპლარები
Withdrawn status Lost status Source of classification or shelving scheme Damaged status Not for loan Permanent Location Current Location Shelving location Date acquired Cost, normal purchase price Full call number Barcode Date last seen Copy number Price effective from Koha item type Public note
          ბათუმის შოთა რუსთაველის სახელმწიფო უნივერსიტეტის მთავარი ბიბლიოთეკა ბათუმის შოთა რუსთაველის სახელმწიფო უნივერსიტეტის მთავარი ბიბლიოთეკა წიგნსაცავი 2018-12-17 200.00 616.4 J-77 689 2018-12-17 689 2018-12-17 წიგნი 200 ლ.